Philosophy of mathematics and natural science / (Record no. 4074)

MARC details
000 -LEADER
fixed length control field 00626cam a22001697a 4500
020 ## - INTERNATIONAL STANDARD BOOK NUMBER
ISBN 9780691141206 (pbk. : alk. paper)
020 ## - INTERNATIONAL STANDARD BOOK NUMBER
ISBN 0691141207 (pbk. : alk. paper)
050 00 - CALL NUMBER
Classification number QA9
Item number .W41213 2009
100 1# - AUTHOR
Personal name Weyl, Hermann,
245 10 - TITLE
Title Philosophy of mathematics and natural science /
Statement of responsibility, etc Hermann Weyl ; translated by Olaf Helmer ; with a new introduction by Frank Wilczek.
260 ## - PUBLICATION INFORMATION
Place of publication Princeton, N.J. :
Name of publisher Princeton University Press,
Year of publication 2009.
300 ## - DESCRIPTION
Number of Pages xvii, 311 p. :
Other physical details ill. ;
Dimensions 24 cm.
505 ## - FORMATTED CONTENTS NOTE
Table of Content mathematics<br/>natural science<br/>
650 #0 - SUBJECTS
Topical Term Mathematics
General subdivision Philosophy.
650 #0 - SUBJECTS
Topical Term Science
General subdivision Philosophy.
942 ## - ADDED ENTRY ELEMENTS (KOHA)
Koha item type Books
Holdings
Withdrawn status Lost status Collection code Home library Current library Shelving location Date acquired Full call number Accession Number Koha item type
    Reference Methodist University Library Main Methodist University Library Main General Stacks 01/03/2007 QA9 .W41213 2009 27626 Books
Copyright © 2026  MUG Library